ZEAMSONE - ??? - Statystyki

Ogólne statystyki
  • Ten quiz został rozwiązany 233 razy
  • Średni wynik to 9 z 12
Statystyki odpowiedzi
Nr. Tytuł % Poprawnych
5 5 INFLUENCEREK
89%
12 21 gramów
79%
4 4TB
78%
3 Trzy Znaki Zapytania
76%
2 20k
74%
6 Anioły nad Wulkanem
73%
1 Chciałem to na Intro
73%
11 Wysokie Modelki
73%
10 Więzień Wizerunku
71%
7 Tsunami
70%
9 Internetowy Raper
68%
8 Zmęczony Imprezą
61%
Nie znaleziono quizów pasujących do podanych kryteriów
Rozkład punktacji
Procent ludzi z każdym wynikiem
Percentyl według liczby udzielonych odpowiedzi
Twoja historia wyników
Nie rozwiązałeś tego quizu